| 000 | 01126nam a2200325 i 4500 | ||
|---|---|---|---|
| 001 | 11550 | ||
| 003 | KOSZ 005 | ||
| 005 | 20200420135845.0 | ||
| 008 | 071116s1968 pl a f f 001 0 pol | ||
| 015 | _aPB 1969/422 | ||
| 040 |
_aWA N _cKOSZ 005/RW _dKOSZ 005/RW _dKOSZ 005/HR |
||
| 046 | _k1969 | ||
| 080 | _a621.65/.69 | ||
| 080 | _a(075.8) | ||
| 100 | 1 |
_aŁazarkiewicz, Szczepan _eAutor |
|
| 245 | 1 | 0 |
_aPompy wirowe / _cSzczepan Łazarkiewicz, Adam Tadeusz Troskolański. |
| 250 | _aWyd. 2 popr. i uzup. | ||
| 260 |
_aWarszawa : _bWydawnictwa Naukowo-Techniczne, _c1968. |
||
| 300 |
_aXX, 728 s., [14] s. tabl. : _bil. ; _c25 cm. |
||
| 380 | _aKsiążki | ||
| 388 | _a1901-2000 | ||
| 504 | _aBibliogr. s. 691-692. Indeks. | ||
| 658 | _aInżynieria i technika | ||
| 655 | _aPodręczniki akademickie | ||
| 650 | 4 | _aPompy wirowe | |
| 710 | 2 |
_aWydawnictwa Naukowo-Techniczne _4pbl. |
|
| 700 | 1 |
_aTroskolański, Adam Tadeusz _d(1901-1982) _eAutor |
|
| 856 |
_uhttp://koha.tu.koszalin.pl/cgi-bin/koha/opac-detail.pl?biblionumber=11550 _yKatalog online BPK |
||
| 942 |
_2UKD _cKS |
||
| 999 |
_c11550 _d11550 |
||